000 00762nam a2200229 i 4500
001 bgj
100 1 _aJANSEN, Josef.
245 1 0 _aEinführung in die deutsche Literatur des 19. Jahrhunderts.
_nB. 1,
_pRestaurationszeit (1815-1848) /
_cJosef Jansen ; Unter Mitarbeit von Jürgen Hein [et al.].
260 _aOpladen :
_bWestdeutscher Verlag,
_c1982.
300 _a281 S. ;
_c19 cm.
490 1 _aGrundkurs Literaturgeschichte
505 _aRegister.
650 9 _aDeutsche Literatur, 1750-1900
_xLiteraturgeschichte
_y1750-1900
700 1 _aHEIN, Jürgen.
830 _aGrundkurs Literaturgeschichte
020 _a3531115316
040 _cBPK
041 0 _ager
920 _a3-531-11531-6
942 _cKS
008 s gw f |000 0 ger
999 _c50346
_d50346
856 _uhttp://koha.tu.koszalin.pl/cgi-bin/koha/opac-detail.pl?biblionumber=50346
_yKatalog online BPK